000 00731nam a2200229 i 4500
003 DO-SdBNP
005 20240221085103.0
006 a||||gr|||| 00| 0
007 ta
008 231127b2023 dr ac||| |||| 00| 0 spa d
040 _aDO-SdBNP
_bspa
_cBNPHU
_erda
082 4 _222
_bC385f
245 1 0 _aCayuco:
_bel fin último de las cosas /
_cCayuco.
264 _a[sin lugar] :
_bCentro Cultural BANRESERVAS,
_c2023
300 _a112 páginas :
_bIlustraciones, retratos ;
_c30 cm.
336 _2rdacontent
_atexto
_btxt
337 _2rdamedia
_asin mediación
_bn
338 _2rdamedia
_asin mediación
_bnc
500 _aIncluye datos biográficos del autor en la página 42
590 _aInventariado 2023 / MF
942 _2ddc
_cLBS1
999 _c55585
_d55585